Positions with white roses : a novel /

Bibliographic Details
Main Author: Molinaro, Ursule
Format: Book
Language:English
Published: New Paltz, N.Y. : McPherson & Co., [1983]
Edition:1st ed.

MARC

Tag First Indicator Second Indicator Subfields
LEADER 00000pam a2200000 a 4500
001 in00000505721
005 20151013065229.0
008 821217s1983 nyu 00011 eng
010 |a  82024916  
020 |a 0914232584 :  |c $9.95 
020 |a 0914232592 (lim. ed.) :  |c $25.00 
035 |a (OCoLC)09111054 
035 |9 ACD8346AM 
039 0 |a 2  |b 3  |c 3  |d 3  |e 3 
040 |a DLC  |c DLC  |d TXA  |d UtOrBLW 
049 |a TXAM  |c [001031] 
050 0 0 |a PS3525.O2152  |b P6 1983 
082 0 |a 813/.54  |2 19 
100 1 |a Molinaro, Ursule. 
245 1 0 |a Positions with white roses :  |b a novel /  |c by Ursule Molinaro. 
250 |a 1st ed. 
264 1 |a New Paltz, N.Y. :  |b McPherson & Co.,  |c [1983] 
264 4 |c ©1983 
300 |a 99 pages ;  |c 21 cm. 
336 |a text  |b txt  |2 rdacontent 
337 |a unmediated  |b n  |2 rdamedia 
338 |a volume  |b nc  |2 rdacarrier 
500 |a "A Treacle Press book." 
999 |a MARS 
999 f f |s 068e911e-d262-342c-818f-586d582c690a  |i dc43c6a4-e328-3d43-bc8d-e922ea0018b4  |t 0 
952 f f |p ric  |a Texas A&M University  |b Rellis Campus  |c Joint Library Facility  |d Remote Storage  |t 0  |e PS3525.O2152 P6 1983  |h Library of Congress classification  |i unmediated -- volume  |m A14807809151 
998 f f |a PS3525.O2152 P6 1983  |t 0  |l Remote Storage